000 01748cab a2200301 4500
001 ABS59693
008 090401t1998 xxu||||| |||| 00| 0 eng d
035 _a(Sirsi) u89750
041 _aeng
245 _aBallard (Kent) Ltd v Oliver Ashworth (Holdings) Ltd
260 _c1998
350 _a0
490 _aEstates Gazette
_v[1998] 46 EG 190-193(4)
520 _aChD 8 May 1998. The defendant tenantheld a lease of industrial premises allowing the tenant to terminate the tenancy on 24 September 1996. The tenant served a break notice to terminate the tenancy on 25 September 1996. The landlord held the notice to be invalid and warned the tenant that if it continued to maintain the validity of the notice but failed to vacate, double rent would be collected under the Distress for Rent Act 1737. The tenant remained in possession and the landlord sought the contractual rent plus interest, and when it was not paid issued a writ to recover it. The tenant claimed that the tenancy was at an end and the landlord amended its claim to double rent. The tenant contended that the landlord had by its demand for contractual rent and the original claim by the writ, elected to have contractual rent only. "Held" judgement was given for the landlord.
650 _aBREAK CLAUSES
650 _aCHENY V BATTEN
650 _aCONTRACTUAL RENT
650 _aDISTRESS FOR RENT ACT 1737
650 _aDOUBLE RENT
650 _aHOLDING OVER
650 _aLANDLORD AND TENANT
_96252
650 _aMANNAI INVESTMENT CO LTD V EAGLE STAR LIFE ASSURANCE CO LTD UK
650 _aUNITED AUSTRALIA LTD V BARCLAYS BANK LTD
650 _aVALIDITY
690 _aLANDLORD AND TENANT-CASE LAW-BUSINESS TENANCIES
942 _n0
948 _c17/11/1998
999 _c56806
_d56806